Ngôn ngữ AutoLISP dùng trong AutoCAD 2004

সংরক্ষণ করুন:
গ্রন্থ-পঞ্জীর বিবরন
প্রধান লেখক: Phạm Thành Đường
বিন্যাস: গ্রন্থ
ভাষা:Vietnamese
প্রকাশিত: Thống Kê 2003
বিষয়গুলি:
ট্যাগগুলো: ট্যাগ যুক্ত করুন
কোনো ট্যাগ নেই, প্রথমজন হিসাবে ট্যাগ করুন!
Thư viện lưu trữ: Mạng thư viện Đại học Đà Nẵng
LEADER 00999nam a2200313 a 4500
001 000002272
003 00792
005 20171229145311.0
008 171229s2003 vie
040 |a LSK 
041 0 |a VIE 
082 0 |a 006.663  |b TR-N 
100 1 |a Phạm Thành Đường 
245 0 0 |a Ngôn ngữ AutoLISP dùng trong AutoCAD 2004 
260 |b Thống Kê  |c 2003 
300 |a 490 pages  |c 20,5 cm. 
653 |a Autocad (Phần mềm máy tính) 
852 |a Phòng Đọc - Phòng Mượn 
901 |a 18 
927 |a Sách tham khảo 
OWN |a LSK 
AVA |a UDN50  |b LSK  |d 006.663 TR-N  |e check_holdings  |t Error 5003 Not defined in file expand_doc_bib_avail.  |h N  |k 1 
999 |a From the UDN01 
AVA |a UDN50  |b LSK  |d 006.663 TR-N  |e available  |t Error 5001 Not defined in file expand_doc_bib_avail.  |f 18  |g 0  |h N  |i 0  |k 1 
TYP |a Monograph 
TYP |a Printed language 
980 |a Mạng thư viện Đại học Đà Nẵng